000 01401nam a2200277Ia 4500
999 _c50790
_d50790
001 17742
003 GE_BSU
005 20250324115707.0
008 181216s2009||||ge |||||||||||||| ||geo||
020 _a9789941907999
040 _cGE_BSU
041 _ageo
080 _a502.521(075.8) ნ-59
245 _aნიადაგის ეკოლოგია :
_b[სახელმძღვ.] /
_cშაქრო ფალავანდიშვილი, თეო ურუშაძე, თამარ ქვრივიშვილი, დარეჯან ჯაში ; [რედ. თენგიზ (გიზო) ურუშაძე].
264 _aბათუმი ; თბილისი,
_c 2009.
300 _a252 გვ.:
_bცხრ.;
_c20 სმ.
300 _eბიბლ.გვ.248-250
504 _aბიბლიოგრ.: გვ. 248-250.
653 _aნიადაგის ეკოლოგია
700 _aფალავანდიშვილი, შაქრო
_eავტორი
_924646
700 _aურუშაძე, თეო
_eავტორი
_96493
700 _aქვრივიშვილი, თამარ
_eავტორი
_916728
700 _aჯაში, დარეჯან
_eავტორი
_924647
700 _aურუშაძე, თენგიზ
_eრედაქტორი
_924648
942 _cBK
_2udc